[Event "Barcelona Sant Marti op-B 23rd"]
[Site "Barcelona"]
[Date "2023.07.14"]
[Round "2"]
[White "Lopez Mallach, Miguel"]
[Black "Gibert Juan, Ramon"]
[Result "1/2-1/2"]
[WhiteElo "1205"]
[BlackElo "1487"]
[PlyCount "123"]
[EventDate "2023.07.13"]
[EventType "swiss"]
[EventRounds "9"]
[EventCountry "ESP"]
[SourceTitle "CBM 215 Extra"]
[Source "ChessBase"]
[SourceDate "2023.09.30"]
[SourceVersion "1"]
[SourceVersionDate "2023.09.30"]
[SourceQuality "1"]

1. e4 e6 2. d4 d5 3. Nc3 Bb4 4. e5 Nc6 5. Nf3 Nge7 6. a3 Bxc3+ 7. bxc3 h6 8. Be2 0-0 9. 0-0 Bd7 10. Nh4 Nc8 11. Nf3 N6e7 12. Nh4 Ng6 13. Nxg6 fxg6 14. Bd3 Ne7 15. a4 Nf5 16. Bxf5 Rxf5 17. Qe2 b6 18. c4 c5 19. cxd5 cxd4 20. d6 Qh4 21. Bd2 Raf8 22. f3 Bc6 23. Qf2 Qxf2+ 24. Rxf2 Rxe5 25. Bb4 a5 26. Ba3 Rd8 27. Rd2 Rd5 28. Rad1 e5 29. f4 Bxa4 30. fxe5 Rxe5 31. Rxd4 Bxc2 32. Rd5 Re3 33. Ra1 Rd7 34. Rb5 Rb3 35. Rxb3 Bxb3 36. Rb1 a4 37. Rc1 Be6 38. Kf2 Kf7 39. Ke3 Rb7 40. Kf4 b5 41. Ke5 Bc4 42. Bb4 Ra7 43. Rc3 Ke8 44. Kd4 Kd7 45. Re3 Be6 46. Kc5 Rb7 47. Rd3 Rb8 48. Rf3 Bf5 49. g4 Be6 50. h3 g5 51. Re3 Re8 52. Rc3 Rc8+ 53. Kxb5 Rxc3 54. Bxc3 a3 55. Kc5 a2 56. Bxg7 Bb3 57. Be5 Bd1 58. Kb4 h5 59. gxh5 Bxh5 60. Ka3 a1Q+ 61. Bxa1 Kxd6 62. Bd4 1/2-1/2

[Event "Foment Martinenc op-B 23rd"]
[Site "Barcelona"]
[Date "2023.04.29"]
[Round "2"]
[White "Gibert Juan, Ramon"]
[Black "Gardela Fuentes, Jofre"]
[Result "1-0"]
[WhiteElo "1497"]
[BlackElo "1235"]
[PlyCount "33"]
[EventDate "2023.04.22"]
[EventType "swiss"]
[EventRounds "9"]
[EventCountry "ESP"]
[SourceTitle "EXT 2024"]
[Source "ChessBase"]
[SourceDate "2023.10.10"]
[SourceVersion "1"]
[SourceVersionDate "2023.10.10"]
[SourceQuality "1"]

1. d4 d5 2. Nf3 Nf6 3. Bg5 e6 4. c4 Be7 5. Nc3 b6 6. e3 Bb7 7. cxd5 exd5 8. Bb5+ Nbd7 9. Ne5 0-0 10. Bc6 Bxc6 11. Nxc6 Qe8 12. 0-0 Nb8 13. Nxe7+ Qxe7 14. Nxd5 Qd6 15. Nxf6+ gxf6 16. Bh6 Re8 17. Qg4+ 1-0

[Event "Barcelona Sant Marti op 10th"]
[Site "Barcelona"]
[Date "2023.01.12"]
[Round "1"]
[White "Gibert Juan, Ramon"]
[Black "Flores de Paco, David"]
[Result "0-1"]
[WhiteElo "1501"]
[BlackElo "1903"]
[PlyCount "98"]
[EventDate "2023.01.12"]
[EventType "swiss"]
[EventRounds "9"]
[EventCountry "ESP"]
[SourceTitle "CBM 213 Extra"]
[Source "ChessBase"]
[SourceDate "2023.05.31"]
[SourceVersion "1"]
[SourceVersionDate "2023.05.31"]
[SourceQuality "1"]

1. d4 f5 2. Nf3 Nf6 3. c4 g6 4. Nc3 Bg7 5. Bf4 0-0 6. e3 d6 7. Bd3 c5 8. 0-0 cxd4 9. exd4 Ne4 10. Qc1 Nxc3 11. bxc3 e5 12. Bg5 Qc7 13. c5 e4 14. Bc4+ Kh8 15. Nh4 dxc5 16. Qe3 f4 17. Qxe4 cxd4 18. Bb3 Qe5 19. Qxe5 Bxe5 20. cxd4 Bxd4 21. Rad1 Nc6 22. Rfe1 Bg4 23. Rd3 Rae8 24. Kf1 Rxe1+ 25. Kxe1 Re8+ 26. Kd2 Re2+ 27. Kc1 Re1+ 28. Kd2 Re2+ 29. Kc1 Kg7 30. f3 Be6 31. Bxf4 Bxb3 32. Rxb3 b6 33. a3 Kf6 34. Kd1 Ra2 35. Be3 Bxe3 36. Rxe3 g5 37. Rd3 Ne7 38. Rd6+ Ke5 39. Rd7 Ke6 40. Rxa7 gxh4 41. Rb7 Rb2 42. a4 Rb4 43. a5 bxa5 44. Ra7 Nc6 45. Rxh7 a4 46. g4 a3 47. Rh6+ Kd5 48. Rh5+ Kd4 49. Rh6 a2 0-1

[Event "Barcelona Sant Marti op-B 22nd"]
[Site "Barcelona"]
[Date "2022.07.21"]
[Round "9"]
[White "Costa Trave, Jaume"]
[Black "Gibert Juan, Ramon"]
[Result "1-0"]
[WhiteElo "1784"]
[BlackElo "1560"]
[PlyCount "71"]
[EventDate "2022.07.13"]
[EventType "swiss"]
[EventRounds "9"]
[EventCountry "ESP"]
[SourceTitle "CBM 210 Extra"]
[Source "ChessBase"]
[SourceDate "2022.11.30"]
[SourceVersion "1"]
[SourceVersionDate "2022.11.30"]
[SourceQuality "1"]

1. f4 d5 2. Nf3 Bf5 3. e3 c5 4. d4 e6 5. Bd3 Bg4 6. c3 c4 7. Be2 Nf6 8. b3 cxb3 9. axb3 Nc6 10. 0-0 Be7 11. Ne5 Bxe2 12. Qxe2 0-0 13. Nd2 a6 14. c4 Nb4 15. c5 Nc6 16. Ba3 a5 17. Qb5 Qc7 18. b4 Nxe5 19. fxe5 Ng4 20. Qe2 Bg5 21. b5 Nxe3 22. Rf3 Nc2 23. Rg3 Bxd2 24. Qxd2 Nxa1 25. b6 Qc6 26. Qh6 g6 27. Rh3 Rfd8 28. Qxh7+ Kf8 29. Rf3 Rd7 30. Qh8+ Ke7 31. Qf6+ Ke8 32. Rh3 Re7 33. Rh8+ Kd7 34. Rxa8 Nc2 35. Bb2 a4 36. Qh8 1-0

[Event "Foment Martinenc op-B 22nd"]
[Site "Barcelona"]
[Date "2022.05.21"]
[Round "5"]
[White "Asenjo Rodriguez, Cristian"]
[Black "Gibert Juan, Ramon"]
[Result "0-1"]
[WhiteElo "1467"]
[BlackElo "1570"]
[PlyCount "122"]
[EventDate "2022.04.23"]
[EventType "swiss"]
[EventRounds "9"]
[EventCountry "ESP"]
[SourceTitle "EXT 2023"]
[Source "ChessBase"]
[SourceDate "2022.10.05"]
[SourceVersion "1"]
[SourceVersionDate "2022.10.05"]
[SourceQuality "1"]

1. d4 d5 2. Nc3 Nf6 3. Bf4 a6 4. e3 e6 5. Nf3 Bb4 6. a3 Bxc3+ 7. bxc3 Ne4 8. c4 c6 9. Nd2 Qa5 10. Bd3 Nxd2 11. Qxd2 Qxd2+ 12. Kxd2 Nd7 13. c5 Nf6 14. h3 0-0 15. g4 h6 16. g5 Ne4+ 17. Bxe4 hxg5 18. Bd6 dxe4 19. Bxf8 Kxf8 20. h4 g4 21. h5 f5 22. h6 Kg8 23. hxg7 Kxg7 24. Rh5 Bd7 25. Rah1 Rd8 26. Rh7+ Kg6 27. R1h6+ Kg5 28. Rh5+ Kg6 29. R7h6+ Kg7 30. Rh7+ Kg6 31. Rh2 Kg5 32. c4 Kf6 33. R7h6+ Kg7 34. Rh7+ Kg6 35. Kc3 Kf6 36. Kb4 Bc8 37. a4 f4 38. Rg2 e5 39. dxe5+ Kxe5 40. Rh5+ Kf6 41. exf4 Rd2 42. Re5 Bf5 43. Kc3 Rd3+ 44. Kb4 Rf3 45. Re8 Rxf4 46. Rb8 Rf3 47. Rxb7 Rd3 48. Rc7 Rd2 49. Rxc6+ Kg5 50. Rg1 Rxf2 51. Rd6 e3 52. Rd4 e2 53. Re1 g3 54. Rd8 Kf4 55. c6 g2 56. Rd4+ Ke3 57. c7 Rf1 58. c8Q Bxc8 59. Rxe2+ Kxe2 60. Re4+ Kf3 61. Re8 g1Q 0-1

[Event "Foment Martinenc op-B 22nd"]
[Site "Barcelona"]
[Date "2022.05.14"]
[Round "4"]
[White "Gibert Juan, Ramon"]
[Black "Suarez Garcia, Mario"]
[Result "1-0"]
[WhiteElo "1570"]
[BlackElo "1674"]
[PlyCount "71"]
[EventDate "2022.04.23"]
[EventType "swiss"]
[EventRounds "9"]
[EventCountry "ESP"]
[SourceTitle "EXT 2023"]
[Source "ChessBase"]
[SourceDate "2022.10.05"]
[SourceVersion "1"]
[SourceVersionDate "2022.10.05"]
[SourceQuality "1"]

1. d4 Nf6 2. c4 e6 3. Nc3 Bb4 4. Bd2 0-0 5. Nf3 b6 6. a3 Bxc3 7. Bxc3 Bb7 8. e3 d6 9. Bd3 Ne4 10. Qc2 Nxc3 11. bxc3 g6 12. e4 Nd7 13. 0-0 c5 14. d5 Ba6 15. Qd2 exd5 16. exd5 Qf6 17. Rfe1 Rfe8 18. h3 Ne5 19. Nxe5 Rxe5 20. Rxe5 dxe5 21. Re1 Qd6 22. Qe3 f6 23. Qg3 Kf7 24. Re4 Qd7 25. Rh4 Kg8 26. Bxg6 hxg6 27. Qxg6+ Qg7 28. Qf5 Bc8 29. Qd3 Bd7 30. d6 Be6 31. Re4 Rd8 32. Re3 f5 33. Rg3 e4 34. Rxg7+ Kxg7 35. Qg3+ Kf6 36. Qh4+ 1-0

[Event "Barcelona Sant Marti op 9th"]
[Site "Barcelona"]
[Date "2020.03.12"]
[Round "9"]
[White "Gibert Juan, Ramon"]
[Black "Repiso Alvarez, Jorge"]
[Result "0-1"]
[WhiteElo "1530"]
[BlackElo "1872"]
[PlyCount "60"]
[EventDate "2020.01.16"]
[EventType "swiss"]
[EventRounds "9"]
[EventCountry "ESP"]
[SourceTitle "EXT 2021"]
[Source "ChessBase"]
[SourceDate "2020.10.23"]
[SourceVersion "1"]
[SourceVersionDate "2020.10.23"]
[SourceQuality "1"]

1. d4 Nf6 2. Nf3 g6 3. Bg5 Ne4 4. Qc1 Nxg5 5. Nxg5 Bg7 6. e3 c6 7. c4 Qa5+ 8. b4 Qxg5 9. Nc3 d6 10. Ne4 Qh6 11. c5 d5 12. Nc3 e5 13. Qd1 exd4 14. exd4 0-0 15. b5 Re8+ 16. Be2 Qf4 17. bxc6 bxc6 18. 0-0 Qxd4 19. Rc1 Qxd1 20. Bxd1 Ba6 21. Ne2 Nd7 22. Re1 d4 23. Ba4 Rxe2 24. Bxc6 Rxe1+ 25. Rxe1 Rd8 26. Bxd7 Rxd7 27. Re8+ Bf8 28. c6 Re7 29. Rxe7 Bxe7 30. f3 Bd6 0-1

[Event "Barcelona Sant Marti op 9th"]
[Site "Barcelona"]
[Date "2020.02.20"]
[Round "6"]
[White "Gibert Juan, Ramon"]
[Black "Vigier Lopez, Carlos"]
[Result "1-0"]
[WhiteElo "1530"]
[BlackElo "1720"]
[PlyCount "87"]
[EventDate "2020.01.16"]
[EventType "swiss"]
[EventRounds "9"]
[EventCountry "ESP"]
[SourceTitle "CBM 195 Extra"]
[Source "ChessBase"]
[SourceDate "2020.05.31"]
[SourceVersion "1"]
[SourceVersionDate "2020.05.31"]
[SourceQuality "1"]

1. e4 c6 2. d4 d5 3. e5 Bf5 4. c3 e6 5. Nf3 Nd7 6. c4 Ne7 7. Nh4 dxc4 8. Bxc4 Nb6 9. Bd3 Bxd3 10. Qxd3 Ned5 11. Nf3 Be7 12. 0-0 0-0 13. a3 Qd7 14. Rd1 Rfd8 15. Ng5 Bxg5 16. Bxg5 f6 17. Bh4 Rf8 18. Nc3 Nf4 19. Qg3 Nbd5 20. Re1 Ng6 21. exf6 Nxh4 22. Qxh4 Rxf6 23. Qh3 Raf8 24. Ne4 Rh6 25. Nc5 Qf7 26. Qg3 Rg6 27. Qh4 Nf4 28. g3 Nd5 29. Rf1 Rh6 30. Qe4 Qh5 31. h4 b6 32. Nd3 Rg6 33. Rae1 Qh6 34. Ne5 Rf4 35. Qd3 Rxh4 36. Nxg6 Rh1+ 37. Kg2 Rh2+ 38. Kg1 hxg6 39. Qe4 Nf6 40. Qf3 Qh3 41. Qxc6 Nh5 42. Qxe6+ Kh7 43. Qxh3 Rxh3 44. Kg2 1-0

[Event "Barcelona Sant Marti op 9th"]
[Site "Barcelona"]
[Date "2020.01.30"]
[Round "3"]
[White "Niubo Calvo, Juan"]
[Black "Gibert Juan, Ramon"]
[Result "0-1"]
[WhiteElo "1768"]
[BlackElo "1530"]
[PlyCount "68"]
[EventDate "2020.01.16"]
[EventType "swiss"]
[EventRounds "9"]
[EventCountry "ESP"]
[SourceTitle "CBM 195 Extra"]
[Source "ChessBase"]
[SourceDate "2020.05.31"]
[SourceVersion "1"]
[SourceVersionDate "2020.05.31"]
[SourceQuality "1"]

1. e4 c6 2. d4 d5 3. e5 Bf5 4. Nc3 e6 5. g4 Bg6 6. h4 h5 7. g5 Ne7 8. Nh3 Bf5 9. Bd3 Nd7 10. Be3 Bxd3 11. Qxd3 g6 12. Nf4 Nf5 13. 0-0-0 c5 14. dxc5 Nxe5 15. Qb5+ Qd7 16. Qb3 Nxe3 17. fxe3 Bxc5 18. Ne4 Ng4 19. Nxc5 Qc6 20. Qc3 0-0-0 21. Nfd3 Nxe3 22. Nb4 Nxd1 23. Rxd1 Qc7 24. Rf1 a5 25. Rxf7 Qxf7 26. Nxb7+ Qc7 27. Nd6+ Kd7 28. Qd4 Qxd6 29. Nd3 Kc8 30. Qa7 Qc7 31. Qa6+ Kb8 32. Qb5+ Ka8 33. Nc5 Rc8 34. Qa6+ Qa7 0-1

[Event "Barcelona Sant Marti op-B 21st"]
[Site "Barcelona"]
[Date "2019.07.20"]
[Round "8"]
[White "Amirkhanyan, Mane"]
[Black "Gibert Juan, Ramon"]
[Result "1-0"]
[WhiteElo "1357"]
[BlackElo "1560"]
[PlyCount "125"]
[EventDate "2019.07.13"]
[EventType "swiss"]
[EventRounds "9"]
[EventCountry "ESP"]
[SourceTitle "EXT 2020"]
[Source "ChessBase"]
[SourceDate "2019.10.17"]
[SourceVersion "1"]
[SourceVersionDate "2019.10.17"]
[SourceQuality "1"]

1. e4 e6 2. d4 d5 3. exd5 exd5 4. Bd3 Nf6 5. Ne2 Nc6 6. a3 Bd6 7. Nbc3 a6 8. h3 0-0 9. 0-0 h6 10. Be3 Be6 11. Qe1 Qd7 12. f4 Bxh3 13. gxh3 Qxh3 14. Qg3 Qxg3+ 15. Nxg3 Rfe8 16. Rae1 Re7 17. Nf5 Re6 18. Nxd6 cxd6 19. Re2 Ng4 20. Nxd5 Nxe3 21. Rxe3 Nxd4 22. c3 Rxe3 23. Nxe3 Nb3 24. Rd1 Re8 25. Kf2 Nc5 26. Bc2 Rd8 27. Nf5 d5 28. Ne7+ Kf8 29. Nxd5 g6 30. Ne3 Rxd1 31. Nxd1 f5 32. b4 Ne6 33. Kg3 Ke7 34. Bb3 Nc7 35. a4 b6 36. Ne3 Kf6 37. Nd5+ Nxd5 38. Bxd5 a5 39. Bc6 g5 40. Bd7 Ke7 41. Bxf5 Kd6 42. bxa5 bxa5 43. Bd3 gxf4+ 44. Kxf4 Kc5 45. Kg4 Kd5 46. Kh5 Ke5 47. Kxh6 Kf6 48. Kh5 Ke5 49. Kg4 Kd5 50. Kf4 Kd6 51. Ke4 Kc5 52. Ke5 Kc6 53. Kd4 Kb6 54. Bb5 Kc7 55. Kc5 Kb7 56. c4 Kc7 57. Kd5 Kd8 58. Kc6 Kc8 59. c5 Kb8 60. Kd7 Kb7 61. c6+ Kb8 62. c7+ Ka7 63. Kc6 1-0

[Event "Barcelona Sant Marti op-B 21st"]
[Site "Barcelona"]
[Date "2019.07.19"]
[Round "7"]
[White "Gibert Juan, Ramon"]
[Black "Llopis Jordan, Lluis"]
[Result "0-1"]
[WhiteElo "1560"]
[BlackElo "1633"]
[PlyCount "118"]
[EventDate "2019.07.13"]
[EventType "swiss"]
[EventRounds "9"]
[EventCountry "ESP"]
[SourceTitle "EXT 2020"]
[Source "ChessBase"]
[SourceDate "2019.10.17"]
[SourceVersion "1"]
[SourceVersionDate "2019.10.17"]
[SourceQuality "1"]

1. d4 f5 2. Nf3 Nf6 3. e3 e6 4. c4 b6 5. g3 Bb7 6. Bg2 Bb4+ 7. Nc3 Ne4 8. Bd2 Nxd2 9. Qxd2 0-0 10. 0-0 Qf6 11. a3 Be7 12. d5 e5 13. e4 f4 14. Bh3 Qh6 15. Bg2 Qh5 16. Nb5 Na6 17. b4 Rf6 18. Qb2 d6 19. Qb3 Kh8 20. Nh4 Rh6 21. Bf3 Qf7 22. Nf5 Rf6 23. Bg4 Bc8 24. Qf3 Bf8 25. Bh3 g6 26. g4 gxf5 27. gxf5 Bd7 28. Nc3 Be7 29. Kh1 Rh6 30. Rg1 Bf6 31. Rg2 Rg8 32. Bg4 Be8 33. Rag1 Qf8 34. Qd3 Nb8 35. Qc2 a6 36. a4 Nd7 37. a5 bxa5 38. b5 Nc5 39. bxa6 Nxa6 40. Qb3 Nc5 41. Qb8 Qe7 42. f3 Bh4 43. f6 Rxf6 44. Bh5 Rxg2 45. Rxg2 Rf8 46. Bg4 a4 47. Nb5 Bxb5 48. Qxb5 Qe8 49. Qa5 Qb8 50. Qb5 Qxb5 51. cxb5 Rb8 52. Be6 Nxe6 53. dxe6 Rxb5 54. Rc2 c5 55. Rd2 Be7 56. Ra2 Rb4 57. Kg2 Kg7 58. Kf2 Kf6 59. Kg1 Kxe6 0-1

[Event "Foment Martinenc op-B 21st"]
[Site "Barcelona"]
[Date "2019.06.08"]
[Round "7"]
[White "Planella Zavala, Ivan"]
[Black "Gibert Juan, Ramon"]
[Result "0-1"]
[WhiteElo "1727"]
[BlackElo "1514"]
[PlyCount "103"]
[EventDate "2019.04.27"]
[EventType "swiss"]
[EventRounds "9"]
[EventCountry "ESP"]
[SourceTitle "EXT 2020"]
[Source "ChessBase"]
[SourceDate "2019.10.17"]
[SourceVersion "1"]
[SourceVersionDate "2019.10.17"]
[SourceQuality "1"]

1. d4 d5 2. Nf3 Nf6 3. e3 Bg4 4. Bd3 e6 5. 0-0 Bd6 6. Nbd2 0-0 7. b3 Nc6 8. Bb2 Nb4 9. Be2 h6 10. a3 Nc6 11. Ne5 Bxe2 12. Qxe2 Ne7 13. f4 c5 14. Rf3 Nf5 15. Rf2 cxd4 16. exd4 Qc7 17. Rc1 Rac8 18. c4 Qe7 19. c5 Bc7 20. Re1 Nd7 21. Qb5 Nxe5 22. fxe5 Bd8 23. Qd3 b6 24. cxb6 Bxb6 25. Rff1 Rc7 26. Rc1 Rfc8 27. Rxc7 Rxc7 28. b4 Qg5 29. Nf3 Qe3+ 30. Qxe3 Nxe3 31. Re1 Nc4 32. Bc1 a5 33. b5 a4 34. Kf1 Na5 35. Bb2 Rc2 36. Bc1 Nb3 37. Be3 Ra2 38. Bc1 Nxd4 39. Nxd4 Bxd4 40. h3 Rf2+ 41. Kg1 Rf5+ 42. Be3 Rxe5 43. Kf2 Rf5+ 44. Ke2 Bxe3 45. Kxe3 d4+ 46. Kxd4 Rxb5 47. Rc1 Rb3 48. Ra1 Rg3 49. Ra2 h5 50. Kc4 Rb3 51. Kd4 f6 52. Kc4 0-1

[Event "Foment Martinenc op-B 21st"]
[Site "Barcelona"]
[Date "2019.05.11"]
[Round "3"]
[White "De Santiago Gordo, Abel"]
[Black "Gibert Juan, Ramon"]
[Result "0-1"]
[WhiteElo "1582"]
[BlackElo "1514"]
[PlyCount "66"]
[EventDate "2019.04.27"]
[EventType "swiss"]
[EventRounds "9"]
[EventCountry "ESP"]
[SourceTitle "EXT 2020"]
[Source "ChessBase"]
[SourceDate "2019.10.17"]
[SourceVersion "1"]
[SourceVersionDate "2019.10.17"]
[SourceQuality "1"]

1. d4 d5 2. Bf4 Nf6 3. e3 Bg4 4. Nf3 e6 5. Be2 Bd6 6. Ne5 Bxe2 7. Qxe2 0-0 8. Nd2 c5 9. c3 cxd4 10. exd4 Nc6 11. 0-0 Rc8 12. Bg5 Rc7 13. f4 h6 14. Bxf6 Qxf6 15. Qg4 Ne7 16. Rae1 Nf5 17. Rf2 b5 18. Nb3 Rfc8 19. Na5 b4 20. Nac6 bxc3 21. bxc3 Rxc6 22. Nxc6 Rxc6 23. Qf3 a5 24. Qd3 Rc4 25. g3 Qd8 26. Rb1 Qc7 27. Rc2 Nxd4 28. Rcb2 Nf5 29. Rb8+ Kh7 30. R8b7 Qc5+ 31. Kg2 Rxc3 32. Qa6 Rc2+ 33. Kh3 Qf2 0-1

[Event "Barcelona Sant Marti op-B 20th"]
[Site "Barcelona"]
[Date "2018.07.21"]
[Round "9"]
[White "Valbuena Castro, Gregorio"]
[Black "Gibert Juan, Ramon"]
[Result "0-1"]
[WhiteElo "1646"]
[BlackElo "1567"]
[PlyCount "61"]
[EventDate "2018.07.13"]
[EventType "swiss"]
[EventRounds "9"]
[EventCountry "ESP"]
[SourceTitle "EXT 2019"]
[Source "ChessBase"]
[SourceDate "2018.10.10"]
[SourceVersion "1"]
[SourceVersionDate "2018.10.10"]
[SourceQuality "1"]

1. e4 e5 2. d4 exd4 3. Nf3 Bb4+ 4. c3 dxc3 5. bxc3 Bc5 6. Bc4 Nf6 7. Bg5 h6 8. Bh4 Be7 9. e5 Nh7 10. Bg3 0-0 11. 0-0 a6 12. Nbd2 d5 13. Bd3 c5 14. h4 Bg4 15. Qc2 f5 16. a4 c4 17. Be2 Nc6 18. Rab1 f4 19. Bh2 Bf5 20. Qb2 Bxb1 21. Rxb1 Rb8 22. g3 fxg3 23. Bxg3 b5 24. Nd4 Nxd4 25. cxd4 Bxh4 26. Qc3 Bxg3 27. fxg3 Ng5 28. Kg2 Ne4 29. Nxe4 dxe4 30. axb5 axb5 31. Qb4 0-1

[Event "Barcelona Sant Marti op-B 20th"]
[Site "Barcelona"]
[Date "2018.07.20"]
[Round "8"]
[White "Gibert Juan, Ramon"]
[Black "Gupta, Ritvik"]
[Result "1-0"]
[WhiteElo "1567"]
[BlackElo "1021"]
[PlyCount "59"]
[EventDate "2018.07.13"]
[EventType "swiss"]
[EventRounds "9"]
[EventCountry "ESP"]
[SourceTitle "EXT 2019"]
[Source "ChessBase"]
[SourceDate "2018.10.10"]
[SourceVersion "1"]
[SourceVersionDate "2018.10.10"]
[SourceQuality "1"]

1. d4 d5 2. Nf3 Nf6 3. e3 e6 4. c4 Be7 5. Nc3 0-0 6. cxd5 exd5 7. h3 b6 8. Bd3 Bb7 9. 0-0 c5 10. b3 Nbd7 11. Re1 Rc8 12. Bb2 cxd4 13. exd4 Bb4 14. Rc1 Re8 15. Qd2 Qc7 16. a3 Rxe1+ 17. Qxe1 Bxc3 18. Rxc3 Qd8 19. Nh4 Rxc3 20. Bxc3 Ne4 21. Nf5 g6 22. Nh6+ Kg7 23. Ng4 Nxc3 24. Qxc3 Qc8 25. Qd2 Qf8 26. Bb5 Bc8 27. Bxd7 Bxd7 28. Qh6+ Kg8 29. Nf6+ Kh8 30. Qxh7# 1-0

[Event "Barcelona Sant Marti op-B 20th"]
[Site "Barcelona"]
[Date "2018.07.14"]
[Round "2"]
[White "Lozano Ruiz, David"]
[Black "Gibert Juan, Ramon"]
[Result "1-0"]
[WhiteElo "1869"]
[BlackElo "1567"]
[PlyCount "65"]
[EventDate "2018.07.13"]
[EventType "swiss"]
[EventRounds "9"]
[EventCountry "ESP"]
[SourceTitle "EXT 2019"]
[Source "ChessBase"]
[SourceDate "2018.10.10"]
[SourceVersion "1"]
[SourceVersionDate "2018.10.10"]
[SourceQuality "1"]

1. d4 d5 2. c4 e6 3. Nc3 Nf6 4. cxd5 Nxd5 5. Nf3 Be7 6. e4 Nf6 7. Bg5 0-0 8. Bd3 h6 9. Bf4 c5 10. e5 Nd5 11. Nxd5 exd5 12. 0-0 Bg4 13. dxc5 Bxc5 14. Rc1 Bb6 15. Bb5 a6 16. Ba4 Ba7 17. Qd3 Bxf3 18. Qxf3 b5 19. Bb3 Nd7 20. Bxd5 Rc8 21. Bb7 Rxc1 22. Rxc1 Qe7 23. Bxa6 Nxe5 24. Qe2 f6 25. Bxb5 Qb4 26. Bg3 Rf7 27. Bxe5 Re7 28. Qc4+ Qxc4 29. Bxc4+ Kh7 30. Bd3+ Kg8 31. Bg6 Rf7 32. Bxf7+ Kxf7 33. Rc7+ 1-0

[Event "Barcelona Sant Marti op-B 20th"]
[Site "Barcelona"]
[Date "2018.07.13"]
[Round "1"]
[White "Gibert Juan, Ramon"]
[Black "Moreno Perez, Norberto"]
[Result "1/2-1/2"]
[WhiteElo "1567"]
[BlackElo "1874"]
[PlyCount "93"]
[EventDate "2018.07.13"]
[EventType "swiss"]
[EventRounds "9"]
[EventCountry "ESP"]
[SourceTitle "EXT 2019"]
[Source "ChessBase"]
[SourceDate "2018.10.10"]
[SourceVersion "1"]
[SourceVersionDate "2018.10.10"]
[SourceQuality "1"]

1. d4 d5 2. Nf3 Nf6 3. e3 e6 4. c4 c6 5. Nc3 Bd6 6. cxd5 exd5 7. Bd3 Bg4 8. h3 Bh5 9. 0-0 0-0 10. Be2 Nbd7 11. Nh4 Bxe2 12. Qxe2 Ne4 13. Nf5 Bc7 14. Qg4 g6 15. Nxe4 dxe4 16. Ng3 f5 17. Qe2 Nb6 18. Bd2 Nd5 19. Qc4 Qg5 20. Ne2 Kg7 21. f4 Qh4 22. Qb3 Rab8 23. Kh2 h5 24. g3 Qf6 25. h4 Qd8 26. Rac1 Nf6 27. Rc2 Bd6 28. Kg2 Ng4 29. Nc3 Be7 30. Rh1 Rf6 31. Nd1 a5 32. Nf2 Nh6 33. Bc3 Rd6 34. d5+ Bf6 35. Bxf6+ Qxf6 36. dxc6 Rxc6 37. Rhc1 Qd6 38. Rxc6 bxc6 39. Qc3+ Kh7 40. Rd1 Qe6 41. Nh3 Nf7 42. b3 a4 43. Ng5+ Nxg5 44. hxg5 axb3 45. axb3 Rxb3 46. Qd4 Rb7 47. Kf2 1/2-1/2

[Event "Foment Martinenc op-B 20th"]
[Site "Barcelona"]
[Date "2018.06.02"]
[Round "7"]
[White "Arias Aranda, Guillem"]
[Black "Gibert Juan, Ramon"]
[Result "1-0"]
[WhiteElo "1383"]
[BlackElo "1602"]
[PlyCount "59"]
[EventDate "2018.04.21"]
[EventType "swiss"]
[EventRounds "9"]
[EventCountry "ESP"]
[SourceTitle "CBM 184 Extra"]
[Source "ChessBase"]
[SourceDate "2018.06.28"]
[SourceVersion "1"]
[SourceVersionDate "2018.06.28"]
[SourceQuality "1"]

1. e4 e5 2. Nf3 Nc6 3. Bc4 Bc5 4. c3 Nf6 5. d4 exd4 6. cxd4 Bb4+ 7. Nc3 Nxe4 8. 0-0 Nxc3 9. bxc3 Be7 10. d5 Na5 11. d6 Bxd6 12. Bxf7+ Kf8 13. Re1 Be7 14. Qd5 c6 15. Qf5 d5 16. Be6+ Bf6 17. Ba3+ Ke8 18. Bxc8+ Be7 19. Rxe7+ Qxe7 20. Bxe7 Kxe7 21. Re1+ Kd6 22. Qd7+ Kc5 23. Bxb7 Nxb7 24. Qxb7 Rhb8 25. Qe7+ Kc4 26. Ne5+ Kxc3 27. Qc5+ Kb2 28. Re2+ Ka1 29. Qc3+ Kb1 30. Qe1# 1-0

[Event "Foment Martinenc op-B 20th"]
[Site "Barcelona"]
[Date "2018.05.05"]
[Round "3"]
[White "Gomez Sanchez, Javier"]
[Black "Gibert Juan, Ramon"]
[Result "0-1"]
[WhiteElo "1383"]
[BlackElo "1602"]
[PlyCount "42"]
[EventDate "2018.04.21"]
[EventType "swiss"]
[EventRounds "9"]
[EventCountry "ESP"]
[SourceTitle "CBM 184 Extra"]
[Source "ChessBase"]
[SourceDate "2018.06.28"]
[SourceVersion "1"]
[SourceVersionDate "2018.06.28"]
[SourceQuality "1"]

1. d4 d5 2. Bf4 Nf6 3. h3 e6 4. Nd2 c5 5. dxc5 Bxc5 6. e3 Nc6 7. Ngf3 0-0 8. a3 Re8 9. Bd3 e5 10. Bxh7+ Nxh7 11. Bg3 e4 12. Nh2 Bd6 13. Qh5 Bxg3 14. fxg3 Qg5 15. Qe2 Qxg3+ 16. Kd1 Bf5 17. c4 d4 18. Nhf1 Qe5 19. Nb3 d3 20. Qf2 Qf6 21. g4 Bxg4+ 0-1

[Event "Barcelona Sant Marti op-B 19th"]
[Site "Barcelona"]
[Date "2017.07.18"]
[Round "6"]
[White "Minko, Uliana"]
[Black "Gibert Juan, Ramon"]
[Result "0-1"]
[WhiteElo "1293"]
[BlackElo "1580"]
[PlyCount "86"]
[EventDate "2017.07.13"]
[EventType "swiss"]
[EventRounds "9"]
[EventCountry "ESP"]
[SourceTitle "EXT 2018"]
[Source "ChessBase"]
[SourceDate "2017.10.13"]
[SourceVersion "1"]
[SourceVersionDate "2017.10.13"]
[SourceQuality "1"]

1. c4 c5 2. g3 Nf6 3. Bg2 e6 4. Nc3 d5 5. d3 Be7 6. Nf3 Nc6 7. a3 0-0 8. 0-0 h6 9. Rb1 Bd7 10. Re1 d4 11. Na2 e5 12. b4 Bd6 13. e3 Bg4 14. Qb3 Rb8 15. h3 Be6 16. Bd2 b5 17. Rec1 bxc4 18. dxc4 Na5 19. Qc2 Nxc4 20. bxc5 Rxb1 21. Qxb1 Nxd2 22. Nxd2 Bc7 23. exd4 Qxd4 24. Nf3 Qa4 25. Rc3 Rb8 26. Nb4 Nd5 27. Rb3 a5 28. Nd2 axb4 29. axb4 Rxb4 30. Rxb4 Nxb4 31. Ne4 Na6 32. Qb7 Qa5 33. c6 Qb6 34. Nc3 Qxb7 35. cxb7 Bc4 36. Na4 Bb5 37. Nc3 Bc4 38. Kh2 Nb8 39. Na4 Ba5 40. Kg1 Kf8 41. Nc5 Ke7 42. f4 exf4 43. gxf4 Bb6 0-1